Statistics for Guess the paramore song (hard)

Click here to take the quiz!

General Stats

  • This quiz has been taken 148 times
  • The average score is 8 of 15

Answer Stats

HintAnswer% Correct
I'm sitting in a room, made up of only big white wallsFences
77%
What a shame we all becameLet the flames begin
72%
I can't think of getting old, it only makes me want to dieCaught in the middle
71%
Don't try to take this from me, ***Now
61%
Just talk yourself up and tear yourself downFor a pessimist
58%
Oh no, I just keep on falling (back to the same old)Born for this
54%
Please, speak softly for they will hear usConspiracy
54%
It's really hard, I can't cry in your arms cause you're not hereProof
50%
And when we get home, I know we won't be home at allFranklin
46%
You escape like a runaway trainIn the mourning
44%
The grass was't green enough hereRenegade
41%
i feel happy, I feel sad I feel like running through the wallsHello cold world
40%
Maybe if my heart stops beating it won't hurt this muchNever let this go
39%
Standing here like i'm supposed to say somethingIdle worship
38%
So this is how it goes well I, I would have never knownBrighter
36%

Score Distribution

Percentile by Number Answered

Percent of People with Each Score

Your Score History

You have not taken this quiz